| 000 | 00670nam a2200217 a 4500 | ||
|---|---|---|---|
| 005 | 20240919063752.0 | ||
| 008 | 021021s1994 mx r 000 0 spa d | ||
| 020 | _a8476584644 | ||
| 035 | _aUPN01000120272 | ||
| 049 | _aCG | ||
| 050 | 4 |
_aHB501 _bV3.4 |
|
| 100 | 1 | _aValenzuela Feijoo, José C. | |
| 245 | 1 | 3 |
_aEl mundo de hoy : mercado, razón y utopía / _cJosé C. Valenzuela Feijoo. |
| 260 |
_aColombia : _bAnthropos : _bUAM-Iztapalapa, _c1994. |
||
| 300 | _a200 p. | ||
| 440 | 0 |
_aBiblioteca A ; _v13. _pSociedad |
|
| 650 | 4 |
_aCapitalismo _96436 |
|
| 650 | 4 |
_aHistoria social _ySiglo XX _922903 |
|
| 651 | 4 |
_aMéxico _xCondiciones económicas _95661 |
|
| 905 | _aLibro | ||
| 999 |
_c92612 _d92612 |
||